01021nam a2200241Ia 4500001000600000003000900006008004100015040001300056040001300069041001300082100001500095100002900110245007500139245009700214250001100311260001100322260001100333260004900344300005700393500026600450650003200716650003100748F6087IT-RoPAU130308s9999 xx 000 0 und d aIT-RoPAU cIT-RoPAU aITALIANO aRouch Jean gCodice Aut. SPICS: 1823 aDall'esotismo all'educazione di base: l'eredità€ del cinema coloniale bNascita del Cinema in Africa (La). Il Cinema dell'Africa Sub-Sahariana Dalle Origini al 1975 a1a ed. aTORINO bLindau c1998 [1° Ed.:1998 - Ed.Ling.Originale:1961] a"17 p. (prefazione: no ; testo: 17 [pagine: 11-27])" aFilm commerciali e Documentari. Africa in Piena Evoluzione: registi Cercano di Mostrare I Problemi dell'Africa Tradizionale a contatto con Il Mondo Moderno. Primi passi del vero e Proprio Cinema Africano, Fatto Dagli Africani e per gli Africani. Film Educativi. aSTORIA NAZIONALE DEL CINEMA eCodice materia Spics: 6809